[Event "DEM U10w 2023"]
[Site "Willingen GER"]
[Date "2023.05.30"]
[Round "5"]
[White "Lola, Georgia-Maria"]
[Black "Frydel, Helena"]
[Result "0-1"]
[Termination "normal"]
[Board "5"]
[WhiteElo "1293"]
[BlackElo "1161"]
[WhiteClock "00:33:17"]
[BlackClock "00:28:04"]
[PlyCount "192"]
[WhiteFideId "34629335"]
[BlackFideId "16266536"]
[EventCountry "GER"]
[EventRounds "11"]
[EventType "swiss"]
[EventDate "2023.05.27"]

1. e4 {[%clk 01:15:57]} {[%emt 00:00:01]} e5 {[%clk 01:15:56]} {[%emt
00:00:05]} 2. Nf3 {[%clk 01:16:21]} {[%emt 00:00:05]} Nf6 {[%clk 01:16:22]}
{[%emt 00:00:05]} 3. Nc3 {[%clk 01:16:43]} {[%emt 00:00:08]} Bb4 {[%clk
01:16:47]} {[%emt 00:00:06]} 4. Nxe5 {[%clk 01:15:43]} {[%emt 00:01:29]} O-O
{[%clk 01:17:03]} {[%emt 00:00:13]} 5. Nd3 {[%clk 01:11:07]} {[%emt 00:05:07]}
Bxc3 {[%clk 01:17:15]} {[%emt 00:00:18]} 6. dxc3 {[%clk 01:11:22]} {[%emt
00:00:13]} Nxe4 {[%clk 01:17:27]} {[%emt 00:00:19]} 7. Be2 {[%clk 01:10:15]}
{[%emt 00:01:38]} d5 {[%clk 01:17:15]} {[%emt 00:00:42]} 8. O-O {[%clk
01:07:43]} {[%emt 00:03:01]} Nc6 {[%clk 01:15:47]} {[%emt 00:01:58]} 9. Re1
{[%clk 01:00:38]} {[%emt 00:07:34]} h6 {[%clk 01:15:36]} {[%emt 00:00:42]} 10.
Bf3 {[%clk 00:56:45]} {[%emt 00:04:22]} Re8 {[%clk 01:14:27]} {[%emt 00:01:40]}
11. Nf4 {[%clk 00:43:17]} {[%emt 00:13:53]} Nf6 {[%clk 01:12:59]} {[%emt
00:02:03]} 12. Rxe8+ {[%clk 00:42:13]} {[%emt 00:01:34]} Qxe8 {[%clk 01:13:16]}
{[%emt 00:00:14]} 13. h3 {[%clk 00:41:13]} {[%emt 00:01:29]} Be6 {[%clk
01:10:54]} {[%emt 00:02:53]} 14. b3 {[%clk 00:39:03]} {[%emt 00:02:40]} Rd8
{[%clk 01:10:14]} {[%emt 00:01:10]} 15. Bb2 {[%clk 00:38:00]} {[%emt 00:01:32]}
a5 {[%clk 01:05:31]} {[%emt 00:05:15]} 16. Qe2 {[%clk 00:34:40]} {[%emt
00:03:45]} d4 {[%clk 01:01:42]} {[%emt 00:04:23]} 17. Bxc6 {[%clk 00:32:34]}
{[%emt 00:02:36]} Qxc6 {[%clk 00:59:01]} {[%emt 00:03:11]} 18. Nxe6 {[%clk
00:32:55]} {[%emt 00:00:08]} Qxe6 {[%clk 00:58:17]} {[%emt 00:01:14]} 19. Qxe6
{[%clk 00:33:21]} {[%emt 00:00:05]} fxe6 {[%clk 00:58:34]} {[%emt 00:00:13]}
20. cxd4 {[%clk 00:33:47]} {[%emt 00:00:03]} Kf7 {[%clk 00:51:59]} {[%emt
00:07:05]} 21. Rd1 {[%clk 00:33:45]} {[%emt 00:00:30]} c5 {[%clk 00:51:24]}
{[%emt 00:01:08]} 22. Rd3 {[%clk 00:33:16]} {[%emt 00:00:52]} b6 {[%clk
00:49:39]} {[%emt 00:02:22]} 23. f3 {[%clk 00:32:28]} {[%emt 00:01:17]} Kg6
{[%clk 00:41:34]} {[%emt 00:08:36]} 24. Kf2 {[%clk 00:31:26]} {[%emt 00:01:31]}
Rc8 {[%clk 00:40:47]} {[%emt 00:01:18]} 25. dxc5 {[%clk 00:31:21]} {[%emt
00:00:35]} Rxc5 {[%clk 00:39:42]} {[%emt 00:01:35]} 26. Rd2 {[%clk 00:30:23]}
{[%emt 00:01:26]} e5 {[%clk 00:37:21]} {[%emt 00:02:52]} 27. c4 {[%clk
00:29:17]} {[%emt 00:01:36]} Kf5 {[%clk 00:35:36]} {[%emt 00:02:15]} 28. Ba3
{[%clk 00:28:53]} {[%emt 00:00:49]} Rc6 {[%clk 00:35:41]} {[%emt 00:00:30]} 29.
Rd6 {[%clk 00:28:42]} {[%emt 00:00:37]} Rxd6 {[%clk 00:35:14]} {[%emt
00:01:01]} 30. Bxd6 {[%clk 00:28:57]} {[%emt 00:00:15]} e4 {[%clk 00:35:27]}
{[%emt 00:00:18]} 31. Bc7 {[%clk 00:28:35]} {[%emt 00:00:50]} Nd7 {[%clk
00:34:50]} {[%emt 00:01:08]} 32. g4+ {[%clk 00:28:57]} {[%emt 00:00:08]} Ke6
{[%clk 00:34:48]} {[%emt 00:00:32]} 33. fxe4 {[%clk 00:29:15]} {[%emt
00:00:12]} g6 {[%clk 00:32:01]} {[%emt 00:03:17]} 34. Ke3 {[%clk 00:28:51]}
{[%emt 00:00:52]} g5 {[%clk 00:30:10]} {[%emt 00:02:23]} 35. c5 {[%clk
00:26:45]} {[%emt 00:02:35]} Nxc5 {[%clk 00:29:42]} {[%emt 00:01:00]} 36. Bxb6
{[%clk 00:27:02]} {[%emt 00:00:12]} Nb7 {[%clk 00:30:06]} {[%emt 00:00:06]} 37.
Kd4 {[%clk 00:27:01]} {[%emt 00:00:30]} Kd6 {[%clk 00:29:27]} {[%emt 00:01:11]}
38. Kc4 {[%clk 00:26:38]} {[%emt 00:00:52]} Kc6 {[%clk 00:28:55]} {[%emt
00:01:01]} 39. Bf2 {[%clk 00:26:33]} {[%emt 00:00:24]} Nd8 {[%clk 00:27:53]}
{[%emt 00:01:44]} 40. a4 {[%clk 00:25:35]} {[%emt 00:01:29]} Nb7 {[%clk
00:26:38]} {[%emt 00:01:44]} 41. Bg3 {[%clk 00:25:50]} {[%emt 00:00:15]} Nd8
{[%clk 00:25:27]} {[%emt 00:01:43]} 42. Kd4 {[%clk 00:25:58]} {[%emt 00:00:19]}
Ne6+ {[%clk 00:24:51]} {[%emt 00:01:06]} 43. Ke5 {[%clk 00:26:12]} {[%emt
00:00:16]} Nc5 {[%clk 00:25:08]} {[%emt 00:00:14]} 44. Bf2 {[%emt 00:01:26]}
Nd3+ {[%clk 00:25:12]} 45. Kf6 {[%clk 00:26:06]} {[%emt 00:00:06]} Nxf2 {[%clk
00:25:15]} {[%emt 00:00:28]} 46. e5 {[%clk 00:26:28]} {[%emt 00:00:08]} Kd7
{[%clk 00:25:07]} {[%emt 00:00:37]} 47. Kf7 {[%clk 00:26:41]} {[%emt 00:00:17]}
Ne4 {[%clk 00:25:14]} {[%emt 00:00:23]} 48. e6+ {[%clk 00:27:07]} {[%emt
00:00:04]} Kc7 {[%clk 00:24:00]} {[%emt 00:01:44]} 49. Kg6 {[%clk 00:26:29]}
{[%emt 00:01:08]} Kd6 {[%clk 00:24:10]} {[%emt 00:00:22]} 50. Kf7 {[%clk
00:26:45]} {[%emt 00:00:12]} Kc6 {[%clk 00:24:06]} {[%emt 00:00:35]} 51. Ke7
{[%clk 00:26:43]} {[%emt 00:00:30]} Kc7 {[%clk 00:23:48]} {[%emt 00:00:50]} 52.
Ke8 {[%clk 00:25:31]} {[%emt 00:01:41]} Kc8 {[%clk 00:22:36]} {[%emt 00:01:43]}
53. Kf8 {[%clk 00:25:21]} {[%emt 00:00:39]} Nd6 {[%clk 00:22:56]} {[%emt
00:00:11]} 54. b4 {[%clk 00:25:00]} {[%emt 00:00:51]} axb4 {[%clk 00:23:20]}
{[%emt 00:00:07]} 55. a5 {[%clk 00:25:25]} {[%emt 00:00:04]} Kb7 {[%clk
00:23:47]} {[%emt 00:00:02]} 56. Ke7 {[%clk 00:25:42]} {[%emt 00:00:13]} Nc8
{[%clk 00:23:54]} {[%emt 00:00:24]} 57. Kd8 {[%clk 00:26:04]} {[%emt 00:00:07]}
b3 {[%clk 00:22:52]} {[%emt 00:01:32]} 58. a6+ {[%clk 00:26:15]} {[%emt
00:00:20]} Kb8 {[%clk 00:23:10]} {[%emt 00:00:13]} 59. a7+ {[%clk 00:26:18]}
{[%emt 00:00:26]} Nxa7 {[%clk 00:23:35]} {[%emt 00:00:04]} 60. Kd7 {[%clk
00:26:31]} {[%emt 00:00:17]} b2 {[%clk 00:23:52]} {[%emt 00:00:14]} 61. e7
{[%clk 00:26:50]} {[%emt 00:00:11]} b1=Q {[%clk 00:24:06]} {[%emt 00:01:17]}
62. e8=Q+ {[%clk 00:27:14]} {[%emt 00:00:06]} Kb7 {[%clk 00:24:15]} {[%emt
00:00:21]} 63. Qe7 {[%clk 00:26:45]} {[%emt 00:00:58]} Nc8 {[%clk 00:24:12]}
{[%emt 00:00:34]} 64. Qf7 {[%clk 00:26:19]} {[%emt 00:00:50]} Qd3 {[%clk
00:24:13]} {[%emt 00:00:34]} 65. Ke8+ {[%clk 00:26:38]} {[%emt 00:00:10]} Kb8
{[%clk 00:24:15]} {[%emt 00:00:30]} 66. Qf8 {[%clk 00:26:31]} {[%emt 00:00:36]}
Qxh3 {[%clk 00:24:06]} {[%emt 00:00:41]} 67. Qb4+ {[%clk 00:26:48]} {[%emt
00:00:10]} Kc7 {[%clk 00:23:39]} {[%emt 00:00:59]} 68. Qc4+ {[%clk 00:27:03]}
{[%emt 00:00:15]} Kb7 {[%clk 00:23:33]} {[%emt 00:00:36]} 69. Qf7+ {[%clk
00:27:22]} {[%emt 00:00:09]} Kb8 {[%clk 00:23:34]} {[%emt 00:00:31]} 70. Qd7
{[%clk 00:27:25]} {[%emt 00:00:24]} Qb3 {[%clk 00:23:38]} {[%emt 00:00:29]} 71.
Qg7 {[%clk 00:25:43]} {[%emt 00:01:58]} Qb5 {[%clk 00:21:39]} {[%emt 00:02:43]}
72. Kf8 {[%clk 00:25:57]} {[%emt 00:00:14]} Qc5 {[%clk 00:21:24]} {[%emt
00:00:48]} 73. Kg8 {[%clk 00:26:09]} {[%emt 00:00:12]} Ne7 {[%clk 00:21:21]}
{[%emt 00:00:37]} 74. Kh8 {[%clk 00:26:07]} {[%emt 00:00:31]} Qc8 {[%clk
00:21:38]} {[%emt 00:00:15]} 75. Kh7 {[%clk 00:26:26]} {[%emt 00:00:10]} Qc2+
{[%clk 00:22:02]} {[%emt 00:00:08]} 76. Kh8 {[%clk 00:26:41]} {[%emt 00:00:13]}
Ng6 {[%clk 00:21:37]} {[%emt 00:00:57]} 77. Kg8 {[%clk 00:26:53]} {[%emt
00:00:16]} Qc8 {[%clk 00:21:21]} {[%emt 00:00:48]} 78. Kf7 {[%clk 00:27:04]}
{[%emt 00:00:17]} Nh8+ {[%clk 00:20:59]} {[%emt 00:00:54]} 79. Kf6 {[%clk
00:27:19]} {[%emt 00:00:13]} Qc3+ {[%clk 00:21:20]} {[%emt 00:00:10]} 80. Kf5
{[%clk 00:27:16]} {[%emt 00:00:32]} Qxg7 {[%clk 00:21:43]} {[%emt 00:00:08]}
81. Ke4 {[%clk 00:27:34]} {[%emt 00:00:12]} Qf6 {[%clk 00:22:03]} {[%emt
00:00:10]} 82. Ke3 {[%clk 00:27:58]} {[%emt 00:00:06]} Qf4+ {[%clk 00:22:15]}
{[%emt 00:00:18]} 83. Ke2 {[%clk 00:28:20]} {[%emt 00:00:08]} Kc7 {[%clk
00:22:40]} {[%emt 00:00:06]} 84. Ke1 {[%clk 00:28:42]} {[%emt 00:00:07]} Qf3
{[%clk 00:23:07]} {[%emt 00:00:03]} 85. Kd2 {[%clk 00:29:04]} {[%emt 00:00:07]}
Qe4 {[%clk 00:23:33]} {[%emt 00:00:05]} 86. Kc3 {[%clk 00:29:28]} {[%emt
00:00:06]} Qd5 {[%clk 00:23:58]} {[%emt 00:00:05]} 87. Kc2 {[%clk 00:29:50]}
{[%emt 00:00:08]} Qd4 {[%clk 00:24:24]} {[%emt 00:00:05]} 88. Kc1 {[%clk
00:30:13]} {[%emt 00:00:06]} Qd3 {[%clk 00:24:51]} {[%emt 00:00:04]} 89. Kb2
{[%clk 00:30:35]} {[%emt 00:00:07]} Qc4 {[%clk 00:25:10]} {[%emt 00:00:11]} 90.
Kb1 {[%clk 00:31:01]} {[%emt 00:00:05]} Qc3 {[%clk 00:25:35]} {[%emt 00:00:05]}
91. Ka2 {[%clk 00:31:25]} {[%emt 00:00:05]} Qb4 {[%clk 00:25:57]} {[%emt
00:00:08]} 92. Ka1 {[%clk 00:31:49]} {[%emt 00:00:06]} Kc6 {[%clk 00:26:26]}
{[%emt 00:00:02]} 93. Ka2 {[%clk 00:32:03]} {[%emt 00:00:15]} Kc5 {[%clk
00:26:49]} {[%emt 00:00:07]} 94. Ka1 {[%clk 00:32:29]} {[%emt 00:00:04]} Kc4
{[%clk 00:27:10]} {[%emt 00:00:10]} 95. Ka2 {[%clk 00:32:52]} {[%emt 00:00:05]}
Kc3 {[%clk 00:27:35]} {[%emt 00:00:06]} 96. Ka1 {[%clk 00:33:17]} {[%emt
00:00:06]} Qb2# {[%clk 00:28:04]} {[%emt 00:00:02]} 0-1

[Event "DEM U10w 2023"]
[Site "Willingen GER"]
[Date "2023.05.30"]
[Round "5"]
[White "Kühn, Nicole"]
[Black "Gubler, Sarah"]
[Result "1-0"]
[Termination "normal"]
[Board "7"]
[WhiteElo "1048"]
[BlackElo "1139"]
[WhiteClock "00:47:19"]
[BlackClock "00:41:21"]
[PlyCount "103"]
[WhiteFideId "34610510"]
[EventCountry "GER"]
[EventRounds "11"]
[EventType "swiss"]
[EventDate "2023.05.27"]

1. e4 {[%clk 01:15:39]} {[%emt 00:00:19]} e5 {[%clk 01:15:53]} {[%emt
00:00:07]} 2. Nf3 {[%clk 01:15:34]} {[%emt 00:00:36]} Nc6 {[%clk 01:16:14]}
{[%emt 00:00:08]} 3. Bc4 {[%clk 01:15:12]} {[%emt 00:00:52]} Bc5 {[%clk
01:16:37]} {[%emt 00:00:08]} 4. O-O {[%clk 01:14:43]} {[%emt 00:01:00]} Nf6
{[%clk 01:16:58]} {[%emt 00:00:08]} 5. d4 {[%clk 01:13:33]} {[%emt 00:01:39]}
exd4 {[%clk 01:15:16]} {[%emt 00:02:13]} 6. e5 {[%clk 01:12:35]} {[%emt
00:01:29]} Ng4 {[%clk 01:14:08]} {[%emt 00:01:37]} 7. Bf4 {[%clk 01:11:42]}
{[%emt 00:01:22]} O-O {[%clk 01:13:59]} {[%emt 00:00:40]} 8. h3 {[%clk
01:11:21]} {[%emt 00:00:51]} Na5 {[%clk 01:11:01]} {[%emt 00:03:28]} 9. Bd3
{[%clk 01:05:50]} {[%emt 00:06:01]} Nh6 {[%clk 01:07:24]} {[%emt 00:04:05]} 10.
Bxh6 {[%clk 01:05:53]} {[%emt 00:00:29]} gxh6 {[%clk 01:07:33]} {[%emt
00:00:21]} 11. c3 {[%clk 01:06:07]} {[%emt 00:00:16]} dxc3 {[%clk 01:06:39]}
{[%emt 00:01:23]} 12. Nxc3 {[%clk 01:06:24]} {[%emt 00:00:14]} d6 {[%clk
01:06:08]} {[%emt 00:01:01]} 13. Qd2 {[%clk 01:03:39]} {[%emt 00:03:13]} Kg7
{[%clk 01:03:19]} {[%emt 00:03:20]} 14. Qc2 {[%clk 01:01:16]} {[%emt 00:02:54]}
dxe5 {[%clk 01:02:36]} {[%emt 00:01:13]} 15. Nxe5 {[%clk 01:00:04]} {[%emt
00:01:42]} Kh8 {[%clk 00:59:43]} {[%emt 00:03:22]} 16. a3 {[%clk 00:59:13]}
{[%emt 00:01:22]} Qg5 {[%clk 00:59:15]} {[%emt 00:00:56]} 17. Nf3 {[%clk
00:59:03]} {[%emt 00:00:41]} Qg7 {[%clk 00:59:23]} {[%emt 00:00:18]} 18. Kh2
{[%clk 00:57:45]} {[%emt 00:01:53]} Rg8 {[%clk 00:57:40]} {[%emt 00:02:12]} 19.
Rg1 {[%clk 00:57:15]} {[%emt 00:01:01]} Be6 {[%clk 00:51:50]} {[%emt 00:06:20]}
20. Ne4 {[%clk 00:56:17]} {[%emt 00:01:27]} Bb6 {[%clk 00:50:51]} {[%emt
00:01:29]} 21. Qc3 {[%clk 00:54:38]} {[%emt 00:02:05]} Qxc3 {[%clk 00:49:56]}
{[%emt 00:01:30]} 22. bxc3 {[%clk 00:54:58]} {[%emt 00:00:10]} Bf5 {[%clk
00:49:16]} {[%emt 00:01:10]} 23. Rgf1 {[%clk 00:54:15]} {[%emt 00:01:11]} Rad8
{[%clk 00:48:37]} {[%emt 00:01:09]} 24. Bc2 {[%clk 00:53:35]} {[%emt 00:01:10]}
Rge8 {[%clk 00:45:17]} {[%emt 00:03:52]} 25. Rae1 {[%clk 00:52:22]} {[%emt
00:01:41]} Nc4 {[%clk 00:44:40]} {[%emt 00:01:08]} 26. Nh4 {[%clk 00:50:59]}
{[%emt 00:01:50]} Nxa3 {[%clk 00:44:17]} {[%emt 00:00:56]} 27. Nxf5 {[%clk
00:50:12]} {[%emt 00:01:18]} Nxc2 {[%clk 00:44:20]} {[%emt 00:00:27]} 28. Re2
{[%clk 00:50:19]} {[%emt 00:00:22]} Na3 {[%clk 00:42:55]} {[%emt 00:01:56]} 29.
Nxh6 {[%clk 00:50:34]} {[%emt 00:00:15]} Kg7 {[%clk 00:43:06]} {[%emt
00:00:18]} 30. Nf5+ {[%clk 00:50:24]} {[%emt 00:00:40]} Kg6 {[%clk 00:42:54]}
{[%emt 00:00:42]} 31. Nh4+ {[%clk 00:50:36]} {[%emt 00:00:16]} Kg7 {[%clk
00:42:52]} {[%emt 00:00:33]} 32. Nf5+ {[%clk 00:50:54]} {[%emt 00:00:14]} Kg8
{[%clk 00:42:04]} {[%emt 00:01:17]} 33. Nf6+ {[%clk 00:51:16]} {[%emt
00:00:08]} Kf8 {[%clk 00:42:12]} {[%emt 00:00:21]} 34. Nxh7+ {[%clk 00:51:27]}
{[%emt 00:00:21]} Kg8 {[%clk 00:42:28]} {[%emt 00:00:14]} 35. Nf6+ {[%emt
00:01:13]} Kf8 {[%clk 00:41:26]} {[%emt 00:00:24]} 36. Nxe8 {[%clk 00:47:59]}
{[%emt 00:04:23]} Rxe8 {[%clk 00:41:47]} {[%emt 00:00:08]} 37. Rxe8+ {[%clk
00:48:08]} {[%emt 00:00:23]} Kxe8 {[%clk 00:42:08]} {[%emt 00:00:07]} 38. Re1+
{[%clk 00:48:14]} {[%emt 00:00:25]} Kd7 {[%clk 00:42:21]} {[%emt 00:00:17]} 39.
Re7+ {[%clk 00:48:25]} {[%emt 00:00:19]} Kc6 {[%clk 00:42:33]} {[%emt
00:00:17]} 40. Rxf7 {[%clk 00:48:20]} {[%emt 00:00:32]} a5 {[%clk 00:42:57]}
{[%emt 00:00:11]} 41. g4 {[%clk 00:48:29]} {[%emt 00:00:18]} a4 {[%clk
00:43:08]} {[%emt 00:00:21]} 42. g5 {[%clk 00:47:59]} {[%emt 00:00:59]} Nc2
{[%clk 00:43:15]} {[%emt 00:00:24]} 43. g6 {[%clk 00:48:23]} {[%emt 00:00:06]}
a3 {[%clk 00:42:41]} {[%emt 00:01:04]} 44. g7 {[%clk 00:48:45]} {[%emt
00:00:08]} a2 {[%clk 00:43:10]} 45. g8=Q {[%clk 00:49:04]} {[%emt 00:00:12]}
a1=Q {[%emt 00:00:44]} 46. Rf6+ {[%clk 00:48:40]} {[%emt 00:00:49]} Kb5 {[%clk
00:42:46]} {[%emt 00:00:42]} 47. Qd5+ {[%clk 00:48:18]} {[%emt 00:00:45]} Bc5
{[%clk 00:42:37]} {[%emt 00:00:45]} 48. Qb3+ {[%clk 00:47:25]} {[%emt
00:01:25]} Ka5 {[%clk 00:42:35]} {[%emt 00:00:33]} 49. Qxc2 {[%clk 00:47:35]}
{[%emt 00:00:19]} Qf1 {[%clk 00:42:04]} {[%emt 00:01:01]} 50. Nd4 {[%clk
00:47:16]} {[%emt 00:00:50]} Be7 {[%clk 00:41:20]} {[%emt 00:01:13]} 51. Qa2+
{[%clk 00:47:29]} {[%emt 00:00:17]} Ba3 {[%clk 00:41:21]} {[%emt 00:00:30]} 52.
Qxa3# {[%clk 00:47:19]} {[%emt 00:00:08]} 1-0

[Event "DEM U10w 2023"]
[Site "Willingen GER"]
[Date "2023.05.30"]
[Round "5"]
[White "Tiuca, Emma"]
[Black "Lange, Lene Marie"]
[Result "1-0"]
[Termination "normal"]
[Board "8"]
[WhiteElo "1149"]
[BlackElo "1168"]
[WhiteClock "01:15:49"]
[BlackClock "00:53:31"]
[PlyCount "85"]
[WhiteFideId "4007549"]
[BlackFideId "34639748"]
[EventCountry "GER"]
[EventRounds "11"]
[EventType "swiss"]
[EventDate "2023.05.27"]

1. e4 {[%clk 01:15:58]} {[%emt 15:29:18]} e5 {[%clk 01:15:48]} {[%emt
00:00:13]} 2. Nf3 {[%clk 01:16:19]} {[%emt 00:00:08]} Nc6 {[%clk 01:16:03]}
{[%emt 00:00:16]} 3. Bb5 {[%clk 01:16:40]} {[%emt 00:00:08]} Bc5 {[%clk
01:15:49]} {[%emt 00:00:44]} 4. Nxe5 {[%clk 01:16:53]} {[%emt 00:00:16]} Nxe5
{[%clk 01:15:45]} {[%emt 00:00:35]} 5. d4 {[%clk 01:17:06]} {[%emt 00:00:15]}
Bxd4 {[%clk 01:15:49]} {[%emt 00:00:28]} 6. Qxd4 {[%clk 01:17:24]} {[%emt
00:00:11]} Nc6 {[%clk 01:16:06]} {[%emt 00:00:14]} 7. Qxg7 {[%clk 01:17:39]}
{[%emt 00:00:13]} Qf6 {[%clk 01:15:59]} {[%emt 00:00:39]} 8. Qxf6 {[%clk
01:17:50]} {[%emt 00:00:16]} Nxf6 {[%clk 01:16:21]} {[%emt 00:00:11]} 9. Nc3
{[%clk 01:18:08]} {[%emt 00:00:11]} Nd4 {[%clk 01:16:26]} {[%emt 00:00:24]} 10.
Bd3 {[%clk 01:18:17]} {[%emt 00:00:21]} d6 {[%clk 01:16:22]} {[%emt 00:00:35]}
11. Bh6 {[%clk 01:17:59]} {[%emt 00:00:47]} Be6 {[%clk 01:15:47]} {[%emt
00:01:07]} 12. Bg7 {[%clk 01:17:50]} {[%emt 00:00:33]} Rg8 {[%clk 01:14:35]}
{[%emt 00:01:49]} 13. Bxf6 {[%clk 01:18:08]} {[%emt 00:00:10]} Nc6 {[%clk
01:14:52]} {[%emt 00:00:13]} 14. Rg1 {[%clk 01:17:54]} {[%emt 00:00:42]} Rg6
{[%clk 01:14:44]} {[%emt 00:00:41]} 15. Bh4 {[%clk 01:18:08]} {[%emt 00:00:14]}
Bh3 {[%clk 01:14:20]} {[%emt 00:00:57]} 16. O-O-O {[%clk 01:18:21]} {[%emt
00:00:15]} Bxg2 {[%clk 01:13:53]} {[%emt 00:00:58]} 17. Rde1 {[%clk 01:18:24]}
{[%emt 00:00:22]} Ne5 {[%clk 01:13:18]} {[%emt 00:01:08]} 18. Be2 {[%clk
01:17:11]} {[%emt 00:01:41]} c6 {[%clk 01:07:56]} {[%emt 00:05:56]} 19. f4
{[%clk 01:17:14]} {[%emt 00:00:21]} Nd7 {[%clk 01:08:01]} {[%emt 00:00:29]} 20.
Bh5 {[%clk 01:17:06]} {[%emt 00:00:34]} Rh6 {[%clk 01:07:17]} {[%emt 00:01:20]}
21. Rxg2 {[%clk 01:17:14]} {[%emt 00:00:19]} Rxh5 {[%clk 01:07:40]} {[%emt
00:00:09]} 22. Bf2 {[%clk 01:16:14]} {[%emt 00:00:33]} a6 {[%clk 01:07:20]}
{[%emt 00:01:49]} 23. Rd1 {[%clk 01:16:03]} {[%emt 00:00:36]} Rh6 {[%clk
01:06:40]} {[%emt 00:01:13]} 24. Be3 {[%clk 01:15:53]} {[%emt 00:00:36]} O-O-O
{[%clk 01:06:38]} {[%emt 00:00:37]} 25. f5 {[%clk 01:15:59]} {[%emt 00:00:20]}
Rh3 {[%clk 01:05:59]} {[%emt 00:01:10]} 26. Bg5 {[%clk 01:16:12]} {[%emt
00:00:17]} Rg8 {[%clk 01:06:03]} {[%emt 00:00:27]} 27. Rdg1 {[%clk 01:16:28]}
{[%emt 00:00:14]} h6 {[%clk 01:04:51]} {[%emt 00:01:45]} 28. Bf4 {[%clk
01:16:37]} {[%emt 00:00:16]} Rxg2 {[%clk 01:05:00]} {[%emt 00:00:25]} 29. Rxg2
{[%clk 01:16:59]} {[%emt 00:00:06]} Kc7 {[%clk 01:04:21]} {[%emt 00:01:11]} 30.
Rd2 {[%clk 01:16:53]} {[%emt 00:00:29]} Kd8 {[%clk 01:02:17]} {[%emt 00:02:41]}
31. Bxd6 {[%clk 01:17:01]} {[%emt 00:00:21]} h5 {[%clk 01:00:45]} {[%emt
00:02:04]} 32. Re2 {[%clk 01:16:35]} {[%emt 00:00:50]} Rf3 {[%clk 00:59:01]}
{[%emt 00:02:18]} 33. a3 {[%clk 01:15:50]} {[%emt 00:01:14]} Nb6 {[%clk
00:59:17]} {[%emt 00:00:15]} 34. Bc5 {[%clk 01:15:58]} {[%emt 00:00:22]} Nc4
{[%clk 00:59:21]} {[%emt 00:00:27]} 35. b3 {[%clk 01:15:48]} {[%emt 00:00:37]}
Rxc3 {[%clk 00:57:56]} {[%emt 00:01:58]} 36. bxc4 {[%clk 01:16:05]} {[%emt
00:00:12]} Rxc4 {[%clk 00:58:15]} {[%emt 00:00:12]} 37. Rd2+ {[%clk 01:16:28]}
{[%emt 00:00:06]} Kc7 {[%clk 00:57:53]} {[%emt 00:00:54]} 38. Bb4 {[%clk
01:16:31]} {[%emt 00:00:19]} Rxe4 {[%clk 00:57:40]} {[%emt 00:00:49]} 39. Rd3
{[%clk 01:15:43]} {[%emt 00:01:08]} Rf4 {[%clk 00:56:10]} {[%emt 00:02:09]} 40.
Bd6+ {[%clk 01:16:04]} {[%emt 00:00:09]} Kb6 {[%clk 00:54:27]} {[%emt
00:02:16]} 41. Bxf4 {[%clk 01:15:12]} {[%emt 00:00:26]} Ka7 {[%clk 00:53:24]}
{[%emt 00:02:28]} 42. Be3+ {[%clk 01:15:29]} {[%emt 00:00:13]} Kb8 {[%clk
00:53:31]} {[%emt 00:00:23]} 43. Bb6 {[%clk 01:15:49]} {[%emt 00:00:10]} 1-0